1704 1946 1396 1979 1357 1759 1681 1846 1029 1999 1069 1641 1459 1154 1882 1741 1983 1969 1429 1428 1548 1651 1582 1666 1247 1513 1604 1754 1398 1691 1654 1866 1117 1014 1782 1333 1629 1559 1481 1822 1890 1045 1488 1556 1707 1165 1678 1998 1866 1342 1454 1978 1660 1294 1762 1870 1449 1144 1715 1823 1947 1783 1019 1419 1792 1532 1437 1329 1046 1238 1739 1459 1023 1125 1303 1160 1937 1874 1724 1842 1054 1762 1883 1589 1714 1737 1936 1641 1800 1698 1715 1353 1802 1608 1520 1040 1823 1066 1893 BCNSPRNW ULIB Ver.6.0+V

เปลี่ยนเป็นภาษาไทย

Change to English
 แสดงรายละเอียดบรรณานุกรม
  กลับหน้าหลัก

Brief Record : Get Marc (ISO 2709) : E-mail record : QR code < ปิดหน้าต่าง
LEADER : 00000nam 2200000uu 4500
001    13399123104
003     ULIB
008    140130s2553||||th 000 0 tha d
020    ^a9789741075430
050  4 ^aLB1043^bน784
100 0  ^aเนตร หงษ์ไกรเลิศ
245 10 ^aการใช้โสตทัศนูปกรณ์ /^cเนตร หงษ์ไกรเลิศ ; อรุณี ยันตรปกรณ์บรรณาธิการ
250    ^aพิมพ์ครั้งที่ 1
260    ^aนนทบุรี :^bโครงการสวัสดิการวิชาการ สภาบันพระบรมราชชนก,^c2553
300    ^a221 หน้า :^bภาพประกอบ
650  7 ^aโสตทัศนูปกรณ์
650  7 ^aโสตทัศนศึกษา
710 2  ^aสถาบันพระบรมราชชนก.^bโครงการสวัสดิการ
945    ^p250^l0^i034376
999    ^aเกษร โพธิ์สุวรรณ
รายการนี้ยังไม่มีแท็ก
คุณยังไม่ได้ล็อกอิน คุณสามารถมีกิจกรรมร่วมกับเว็บไซต์ได้ แต่ต้องล็อกอินก่อน ::
  ล็อกอิน

รายการสื่อสารสนเทศ

ลำดับที่ ประเภท เลขเรียก/บาร์โค้ด สถานที่ สถานะ
1. Book การพยาบาล
Book การพยาบาล
LB1043 น784  
  Barcode: 034376
ห้องสมุดวิทยาเขตสวรรค์ประชารักษ์
►หนังสือทั่วไป
บนชั้น
Note:อภินันทนาการ จาก โครงการสวัสดิการวิชาการ สบช

รายการใกล้เคียง
    ผู้แต่ง [เนตร หงษ์ไกรเลิศ]

    หัวเรื่อง [โสตทัศนูปกรณ์]
    หัวเรื่อง [โสตทัศนศึกษา]

BibComment


ยังไม่เคยถูกคอมเมนท์

คอมเมนท์ทรัพยากรรายการนี้
  คอมเมนท์: การใช้โสตทัศนูปก..


 Copyright 2026. Bcnsprnw @Library